La educación y la ilustración en Europa.

-д хадгалсан:
Номзүйн дэлгэрэнгүй
Үндсэн зохиолч: Frost, Elsa Cecilia (autor)
Формат: Ном
Хэл сонгох:испани
Цуврал:(Biblioteca pedagógica ; no. 22)
Нөхцлүүд:
Шошгууд: Шошго нэмэх
Шошго байхгүй, Энэхүү баримтыг шошголох эхний хүн болох!

MARC

LEADER 00000cam^a2200000uu^4500
001 000479938
005 20250521000000.0
008 050901s1986^^^^^^^^^^^^rd^r^^000^0^spa^d
009 20260310124950.819
022 |a 9686125019 
035 |a FCE 000022945 
035 |a FCE 004124 
037 |a Acervo ITESO - Biblioteca 
041 |a spa 
082 0 4 |a 082.1  |b SECa 22 
100 |a Frost, Elsa Cecilia  |e (autor) 
245 1 3 |a La educación y la ilustración en Europa. 
264 |a México :  |b SEP : El Caballito,  |c 1986. 
300 |a 156 p. 
336 |a texto  |b txt  |2 rdacontenido 
337 |a sin mediación  |b n  |2 rdamedio 
338 |a volumen  |b nc  |2 rdasoporte 
440 0 |a (Biblioteca pedagógica ;  |v no. 22) 
649 |a XX 
650 |a Teoría de la educación 
650 |a Capacitación 
650 |a Europa 
910 |a Fondo Centro de Estudios Educativos 
920 |a Impresos - Libros 
930 |a Fondos Especiales 
905 |a 133 
901 |a ALE004124  |b IT2  |c CEE  |u 20250521 
901 |a ALE045394  |b IT2  |c CEE  |u 20250521 
901 |a ALE045395  |b IT2  |c CEE  |u 20250521 
902 |a https://opac.biblio.iteso.mx/vufind/Record/000479938